000 01177nam a22002777a 4500
005 20100918105748.0
008 100918t xxu||||| |||| 00| 0 mar d
010 _aMAR-20276
020 _c150.00
_a8172653034
035 _aMR-12934
037 _bDBAD/PUB
040 _aDPL
_bMR
082 _a891.461
100 _920631
_aरंगारी, संध्या
245 _aसंध्यारंग /
_cसंध्या रंगारी
246 _aSandhyarang
_bby Sandhya Rangari
260 _aपुणे
_bस्नेहवर्धन प्रकाशन
_c2010
270 _a833, सदाशिव पेठ, महात्मा फुले सभागृहमागे
_bपुणे
_e411030
300 _a243पृ
_c21 सेमी (अजिल्द)
650 _aमराठी कविता
_920632
650 _aMarathi Poetry
_920633
700 _921188
700 _921189
942 _2ddc
_cMR
_h891.461
_mरंगारी
999 _c47570
_d47570